[Event "Bundesliga 0001"]
[Site "Germany"]
[Date "2001.??.??"]
[Round "14.4"]
[White "Lipinsky, Fabian"]
[Black "Ellers, Holger"]
[Result "0-1"]
[WhiteElo "2362"]
[BlackElo "2418"]
[PlyCount "144"]
[EventDate "2000.10.14"]
[EventType "team-tourn"]
[EventRounds "15"]
[EventCountry "GER"]
[SourceTitle "EXT 2002"]
[Source "ChessBase"]
[SourceDate "2001.11.25"]
[SourceVersion "1"]
[SourceVersionDate "2001.11.25"]
[SourceQuality "1"]
[WhiteTeam "Koenig Tegel"]
[BlackTeam "Wattenscheid"]
[WhiteTeamCountry "GER"]
[BlackTeamCountry "GER"]

1. d4 e6 2. c4 Bb4+ 3. Bd2 a5 4. e4 d5 5. Bxb4 axb4 6. Nd2 dxe4 7. Nxe4 Nf6 8. Ng3 c5 9. Nf3 Nc6 10. dxc5 Qxd1+ 11. Kxd1 0-0 12. Bd3 Nd7 13. Kc2 Nxc5 14. Be4 Bd7 15. Rhe1 Rfe8 16. b3 Ra3 17. Kb2 f6 18. Rad1 Rea8 19. Bb1 Be8 20. Nd2 Ne5 21. Nde4 Ned7 22. Rd2 Kf8 23. f3 Bg6 24. h4 Nxe4 25. fxe4 Ke7 26. Red1 Be8 27. Rd4 Nc5 28. h5 g5 29. R1d2 h6 30. Rf2 R3a5 31. Rd1 Bc6 32. Rdf1 Nd7 33. Ne2 Re5 34. Ng3 b5 35. Rc1 Nb6 36. cxb5 Bxb5 37. Rc7+ Nd7 38. Rd2 Kd8 39. Rc1 Rc8 40. Rxc8+ Kxc8 41. Rd4 Nb8 42. Rd2 Kc7 43. Bc2 Be8 44. Rd1 Rc5 45. Rh1 Kd6 46. Nf1 Nc6 47. Nd2 Ne5 48. Nf3 Nxf3 49. gxf3 Ke5 50. Bd1 Ra5 51. Rg1 Kf4 52. Rg4+ Ke5 53. Rg2 Ra6 54. Rc2 Kf4 55. Rc4 Rb6 56. e5+ Kxe5 57. Re4+ Kd5 58. Re2 Kd4 59. Re4+ Kd3 60. Re1 Kd2 61. Rh1 f5 62. a3 bxa3+ 63. Kxa3 Bc6 64. Rg1 e5 65. b4 Ra6+ 66. Kb2 Bd5 67. Bc2 Bxf3 68. Bxf5 e4 69. Rg3 Rf6 70. Bg4 Rf4 71. b5 Rxg4 72. b6 Rf4 0-1

[Event "AUT-chT 0001"]
[Site "Austria"]
[Date "2000.11.17"]
[Round "3.3"]
[White "Lipinsky, Fabian"]
[Black "Kotz, Heinz Peter"]
[Result "1-0"]
[WhiteElo "2362"]
[BlackElo "2319"]
[PlyCount "81"]
[EventDate "2000.10.21"]
[EventType "team-tourn"]
[EventRounds "11"]
[EventCountry "AUT"]
[SourceTitle "EXT 2001"]
[Source "ChessBase"]
[SourceDate "2000.11.22"]
[SourceVersion "1"]
[SourceVersionDate "2000.11.22"]
[SourceQuality "1"]
[WhiteTeam "Graz Austria"]
[BlackTeam "Gleisdorf"]
[WhiteTeamCountry "AUT"]
[BlackTeamCountry "AUT"]

1. d4 Nf6 2. Nf3 g6 3. c4 Bg7 4. Nc3 0-0 5. e4 d6 6. Be2 e5 7. 0-0 Nc6 8. d5 Ne7 9. Ne1 Nd7 10. Be3 f5 11. f3 Kh8 12. Nd3 Nf6 13. c5 Neg8 14. g4 Rf7 15. a4 Bf8 16. a5 h5 17. exf5 gxf5 18. gxf5 Nh6 19. Kh1 Nxf5 20. Bg5 Qd7 21. Rg1 Nh7 22. f4 Nxg5 23. Rxg5 Rg7 24. Rxh5+ Rh7 25. Ne4 Rxh5 26. Bxh5 Bg7 27. Bg6 Nh6 28. f5 Nxf5 29. Qh5+ Nh6 30. cxd6 cxd6 31. Ng5 Kg8 32. Rg1 Qe7 33. Be4 Bd7 34. Qg6 Qf6 35. Qxf6 Bxf6 36. Nh7+ Bg7 37. Nf6+ Kf7 38. Nxd7 Rd8 39. N7c5 dxc5 40. Nxc5 Bf6 41. Nxb7 1-0

[Event "Bundesliga 0001"]
[Site "Germany"]
[Date "2000.10.14"]
[Round "1.4"]
[White "Hansen, Sune Berg"]
[Black "Lipinsky, Fabian"]
[Result "1/2-1/2"]
[WhiteElo "2545"]
[BlackElo "2362"]
[PlyCount "113"]
[EventDate "2000.10.14"]
[EventType "team-tourn"]
[EventRounds "15"]
[EventCountry "GER"]
[SourceTitle "CBM 082 Extra"]
[Source "ChessBase"]
[SourceDate "2001.07.03"]
[SourceVersion "1"]
[SourceVersionDate "2001.07.03"]
[SourceQuality "1"]
[WhiteTeam "Hamburger SK"]
[BlackTeam "Koenig Tegel"]
[WhiteTeamCountry "GER"]
[BlackTeamCountry "GER"]

1. e4 e5 2. Nf3 Nf6 3. Nxe5 d6 4. Nf3 Nxe4 5. d4 d5 6. Bd3 Nc6 7. 0-0 Be7 8. c4 Nb4 9. Be2 0-0 10. Nc3 b6 11. a3 Nxc3 12. bxc3 Nc6 13. cxd5 Qxd5 14. Bf4 Bd6 15. Be3 Bb7 16. c4 Qf5 17. Ng5 Bf4 18. Nh3 Bxe3 19. fxe3 Qd7 20. Bd3 g6 21. Qd2 Na5 22. Rae1 Qa4 23. Rf6 Nxc4 24. Qf2 Nd6 25. Ng5 Qa5 26. Qh4 h6 27. Qxh6 Qxe1+ 28. Rf1 Qxe3+ 29. Kh1 Qxg5 30. Qxg5 Rae8 31. h4 Kg7 32. Rf4 Ne4 33. Qb5 Nf6 34. Bc4 Nh5 35. Rg4 Nf6 36. Rg5 Rh8 37. Re5 a6 38. Qb3 Rxh4+ 39. Kg1 Rxd4 40. Rxe8 Nxe8 41. Bxf7 Nf6 42. Be6 Bd5 43. Bxd5 Nxd5 44. Qb2 c5 45. Qe2 Kf6 46. Qxa6 c4 47. Qc8 Rd1+ 48. Kf2 c3 49. Kf3 Ke5 50. Qe8+ Kd6 51. Qxg6+ Kc5 52. Qc2 Rd2 53. Qc1 Kd4 54. g4 Rd3+ 55. Ke2 Rd2+ 56. Kf3 Rd3+ 57. Ke2 1/2-1/2

[Event "Paks Atom Cup GM 5th"]
[Site "Paks"]
[Date "2000.08.24"]
[Round "6"]
[White "Berkes, Ferenc"]
[Black "Lipinsky, Fabian"]
[Result "0-1"]
[WhiteElo "2372"]
[BlackElo "2362"]
[PlyCount "56"]
[EventDate "2000.08.19"]
[EventType "tourn"]
[EventRounds "11"]
[EventCountry "HUN"]
[EventCategory "8"]
[SourceTitle "CBM 077 Extra"]
[Source "ChessBase"]
[SourceDate "2000.09.14"]
[SourceVersion "1"]
[SourceVersionDate "2000.09.14"]
[SourceQuality "1"]

1. Nf3 d5 2. g3 c6 3. Bg2 Nf6 4. 0-0 Bg4 5. d3 Nbd7 6. Nbd2 e5 7. h3 Bh5 8. e4 dxe4 9. dxe4 Bc5 10. Re1 Qc7 11. Qe2 0-0 12. g4 Bg6 13. Nh4 Rfe8 14. Nb3 Bb6 15. Bg5 h6 16. Bd2 Nf8 17. a4 a5 18. Qf3 N6h7 19. Nf5 Ng5 20. Qg3 Nge6 21. Bf1 Nf4 22. Rad1 Rad8 23. Qc3 N8e6 24. Be3 Rxd1 25. Rxd1 Bxf5 26. exf5 Ng5 27. Bxb6 Qxb6 28. Rd7 Ngxh3+ 0-1

[Event "Bad Woerishofen op 16th"]
[Site "Bad Woerishofen"]
[Date "2000.03.23"]
[Round "7"]
[White "Lipinsky, Fabian"]
[Black "Sulava, Nenad"]
[Result "0-1"]
[WhiteElo "2313"]
[BlackElo "2486"]
[PlyCount "60"]
[EventDate "2000.03.??"]
[EventType "swiss"]
[EventRounds "9"]
[EventCountry "GER"]
[SourceTitle "CBM 075 Extra"]
[Source "ChessBase"]
[SourceDate "2000.05.11"]
[SourceVersion "2"]
[SourceVersionDate "2000.05.11"]
[SourceQuality "1"]

1. d4 d5 2. c4 dxc4 3. Nf3 Nf6 4. e3 g6 5. Bxc4 Bg7 6. Ne5 0-0 7. Qb3 e6 8. 0-0 Nd5 9. f4 c5 10. dxc5 Qc7 11. Bxd5 exd5 12. Qxd5 Rd8 13. Qb3 Na6 14. Na3 Be6 15. Qc3 Qxc5 16. Bd2 Qd5 17. Be1 Rac8 18. Qd4 Qxd4 19. exd4 Rxd4 20. Bg3 Ra4 21. Nb5 Rxa2 22. Nd6 Rb8 23. Rxa2 Bxa2 24. Ra1 Bd5 25. Ra5 Nc7 26. Rxa7 Bf8 27. Ng4 Bxd6 28. Nf6+ Kf8 29. Nd7+ Ke7 30. Nxb8 Bc5+ 0-1

[Event "Bad Woerishofen op 16th"]
[Site "Bad Woerishofen"]
[Date "2000.03.22"]
[Round "6"]
[White "Bintakies, Michael"]
[Black "Lipinsky, Fabian"]
[Result "0-1"]
[WhiteElo "2198"]
[BlackElo "2313"]
[PlyCount "108"]
[EventDate "2000.03.??"]
[EventType "swiss"]
[EventRounds "9"]
[EventCountry "GER"]
[SourceTitle "CBM 075 Extra"]
[Source "ChessBase"]
[SourceDate "2000.05.11"]
[SourceVersion "2"]
[SourceVersionDate "2000.05.11"]
[SourceQuality "1"]

1. d4 d5 2. Nf3 Nf6 3. e3 g6 4. c4 c6 5. Nc3 Bg7 6. Be2 0-0 7. 0-0 e6 8. b3 Nbd7 9. Bb2 b6 10. Ne5 Nxe5 11. dxe5 Nd7 12. f4 f6 13. cxd5 exd5 14. Nxd5 fxe5 15. Nb4 Bb7 16. Bf3 Qc7 17. Rc1 Nc5 18. Bxe5 Bxe5 19. fxe5 a5 20. Nd3 Rad8 21. Be2 Rxf1+ 22. Qxf1 Rf8 23. Qe1 Nxd3 24. Bxd3 Qxe5 25. Bc4+ Kh8 26. Qc3 Qxc3 27. Rxc3 Rd8 28. Rd3 Rxd3 29. Bxd3 Kg7 30. Kf2 Bc8 31. Be4 Bd7 32. Ke2 Kf6 33. Kd2 Ke5 34. Bf3 c5 35. Kc3 b5 36. Be2 Bc6 37. Bf3 Bd7 38. Be2 h6 39. Kd2 g5 40. h3 Be8 41. Kc3 Ke4 42. Kd2 b4 43. Bf3+ Ke5 44. Be2 h5 45. Bf3 h4 46. Be2 a4 47. Kc2 a3 48. Bf3 Bg6+ 49. Kc1 Bd3 50. Kd2 c4 51. Kc1 cxb3 52. axb3 Be4 53. Bg4 Bxg2 54. Bc8 Bf3 0-1

[Event "Bad Woerishofen op 16th"]
[Site "Bad Woerishofen"]
[Date "2000.03.17"]
[Round "1"]
[White "Lipinsky, Fabian"]
[Black "Santner, Thomas"]
[Result "1/2-1/2"]
[WhiteElo "2313"]
[BlackElo "1935"]
[PlyCount "64"]
[EventDate "2000.03.??"]
[EventType "swiss"]
[EventRounds "9"]
[EventCountry "GER"]
[SourceTitle "CBM 075 Extra"]
[Source "ChessBase"]
[SourceDate "2000.05.11"]
[SourceVersion "2"]
[SourceVersionDate "2000.05.11"]
[SourceQuality "1"]

1. d4 Nf6 2. c4 g6 3. Nf3 Bg7 4. Nc3 0-0 5. e4 d6 6. Be2 e5 7. 0-0 Nc6 8. d5 Ne7 9. Ne1 Nd7 10. Be3 f5 11. f3 Nf6 12. c5 f4 13. Bf2 g5 14. cxd6 cxd6 15. Rc1 Ne8 16. Nb5 Bd7 17. Nxa7 Qa5 18. b4 Qa3 19. Nb5 Qxb4 20. Nxd6 Ba4 21. Bc5 Bxd1 22. Bxb4 Bxe2 23. Rf2 Ba6 24. Nxb7 Bxb7 25. Bxe7 Rf7 26. Bxg5 Ba6 27. g3 Nd6 28. gxf4 exf4 29. Rg2 Kh8 30. Rg4 Bd4+ 31. Kh1 Nxe4 32. fxe4 f3 1/2-1/2